| 000 | 01349nam0a22002891 4500 | ||
|---|---|---|---|
| 001 | rc\4643384 | ||
| 005 | 20130416201602.5 | ||
| 021 |
_aRU _b[63-68652] |
||
| 035 | _a(NLR Aleph) 008686789 | ||
| 090 |
_a9213487 _c9213487 |
||
| 100 | _a20130416d1963 |||y0rusy50 ca | ||
| 101 | 0 | _arus | |
| 102 | _aRU | ||
| 105 | _aa z ||||| | ||
| 200 | 1 |
_aБуровая бригада П.К. Жабовского _e(Об опыте работы бригады ком. труда) _fГлавгеология РСФСР. Геол. упр. центр. районов. Белгор. железорудная экспедиция. Моск. нормативно-исслед. партия |
|
| 210 |
_aБелгород _cКн. изд-во _d1963 |
||
| 215 |
_a16 с., 3 л. черт. _cил. _d20 |
||
| 606 |
_aБригады, ударники и коллективы коммунистического труда в горной промышленности _2psbo |
||
| 606 |
_aБурение разведочное _xОрганизация труда _2psbo |
||
| 700 | 1 |
_aСмирнова _bМ. С. _gМария Сергеевна |
|
| 701 | 1 |
_aЧерняк _bВ. И. _gВиктор Иванович |
|
| 702 | 1 |
_aЖабовский _bП. К. _4570 |
|
| 801 | 0 |
_aRU _bNLR _gpsbo |
|
| 801 | 1 |
_aRU _bELAR _2rusmarc |
|
| 852 |
_aNLR _j63-4/14760 |
||
| 942 | _cBOOK | ||
| 980 | _aNB | ||